Délmagyarország. - 1933. október 31., Kedd
Elmentve itt :
| Dokumentumtípus: | Újság |
|---|---|
| Megjelent: |
1933-10-31
|
| Sorozat: | Délmagyarország
9 No. 248 |
| Online Access: | http://dmarchiv.bibl.u-szeged.hu/7210 |
| LEADER | 00484nas a2200145 i 4500 | ||
|---|---|---|---|
| 001 | delm7210 | ||
| 005 | 20200414153335.0 | ||
| 008 | 171214s1933 hu n o 0|| hun d | ||
| 022 | |a 0133-025X | ||
| 040 | |a SZTE Délmagyarország Archívum |b hun | ||
| 041 | |a hun | ||
| 245 | 0 | 0 | |a Délmagyarország. - 1933. október 31., Kedd |h [elektronikus dokumentum] |
| 260 | |c 1933-10-31 | ||
| 490 | 0 | |a Délmagyarország |v 9 No. 248 | |
| 856 | 4 | 0 | |u http://dmarchiv.bibl.u-szeged.hu/7210/1/dm_1933_248.pdf |z Dokumentum-elérés |